00246nam a2200109Ia 4500008004100000100001800041245001700059260002700076300000900103942000700112999001700119190216s9999||||xx |||||||||||||| ||und|| aAbhyankar K.D 0aAstrophysics bUniversity Pressc2001 a543p cBK c33806d33806